Gibbons : (Record no. 9226)

MARC details
000 -LEADER
fixed length control field 00835nam a22002657a 4500
001 - CONTROL NUMBER
control field 9226
003 - CONTROL NUMBER IDENTIFIER
control field FISKH
005 - DATE AND TIME OF LATEST TRANSACTION
control field 20251203130428.0
008 - FIXED-LENGTH DATA ELEMENTS--GENERAL INFORMATION
fixed length control field 251203b cb ||||| |||| 00| 0 eng d
020 ## - INTERNATIONAL STANDARD BOOK NUMBER
International Standard Book Number 9781600449475
040 ## - CATALOGING SOURCE
Original cataloging agency FISKH
Language of cataloging eng
Transcribing agency FISKH
Modifying agency FISKH
050 ## - LIBRARY OF CONGRESS CALL NUMBER
Classification number QL737.P96 A754
082 ## - DEWEY DECIMAL CLASSIFICATION NUMBER
Classification number 599.88
100 ## - MAIN ENTRY--PERSONAL NAME
Personal name Armentrout, David
Relator term Author
245 ## - TITLE STATEMENT
Title Gibbons :
Remainder of title Amazing Apes /
Statement of responsibility, etc. by David and Patricia Armentrout
260 ## - PUBLICATION, DISTRIBUTION, ETC.
Place of publication, distribution, etc. Florida :
Name of publisher, distributor, etc. Rourke ,
Date of publication, distribution, etc. 2008
300 ## - PHYSICAL DESCRIPTION
Extent 24 pages :
Other physical details color illustrations ;
Dimensions 21 cm
505 ## - FORMATTED CONTENTS NOTE
Formatted contents note P<br/>
520 ## - SUMMARY, ETC.
Summary, etc. An introduction to gibbon apes that describes their physical characteristics, habitat, movement, and similarities to other primates.
521 8# - TARGET AUDIENCE NOTE
Target audience note 700<br/>
Source Lexile estimate<br/>
521 8# - TARGET AUDIENCE NOTE
Target audience note P<br/>
Source Raz-Plus<br/>
650 ## - SUBJECT ADDED ENTRY--TOPICAL TERM
Topical term or geographic name entry element Animals
Form subdivision Gibbons
942 ## - ADDED ENTRY ELEMENTS (KOHA)
Source of classification or shelving scheme Dewey Decimal Classification
Koha item type Books
Suppress in OPAC No
Holdings
Withdrawn status Lost status Source of classification or shelving scheme Damaged status Not for loan Collection Home library Current library Shelving location Date acquired Total Checkouts Full call number Barcode Date last seen Date last checked out Copy number Price effective from Koha item type
    Dewey Decimal Classification     Non-Fiction Footprints International School Library Network Toul Tom Poung Campus Footprints International School Library Network Toul Tom Poung Campus TTP Primary Orange Bookshelves 12/03/2025 1 ARM 599.88 QL737.P96 A754 FIS02729 01/12/2026 12/10/2025 1 12/03/2025 Books